Sesso in acquisto : Una ricerca sui clienti della prostituzione /

Gespeichert in:
Bibliographische Detailangaben
1. Verfasser: Leonini, Luisa
Format: Buch
Sprache:Englisch
Tags: Tag hinzufügen
Keine Tags, Fügen Sie das erste Tag hinzu!

MARC

LEADER 00000nam a2200000 4500
001 CDOM0000002820
003 mi
005 20250913194025.0
008 250913b |||||||| |||| 00| 0 eng d
040 |c mi 
100 |a Leonini, Luisa 
245 1 |a Sesso in acquisto :  |b Una ricerca sui clienti della prostituzione /  |c Luisa Leonini 
942 |2 ddc  |c BK 
952 |0 0  |1 0  |2 ddc  |4 0  |7 0  |9 6255  |a MI  |b MI  |d 2006-11-03  |i 5271  |l 0  |p CDOM5271  |r 2025-07-13 16:28:00  |w 2025-07-13  |x DONO  |y BK 
999 |c 5011  |d 5011